000 00578njm a2200181 i 4500
999 _c163498
_d163498
001 C2-0268121
003 PPAK
005 20180803060211.0
008 180803b my ||||| |||| 00| 0 may d
040 _aPPAK
_beng
_cPPAK
_erda
245 0 0 _aHari Sastera Kedah
_b(Makalah III) Penulisan cerpen oleh En. Hamzah Hamdani
264 1 _aAlor Setar, Kedah :
_bPerbadanan Perpustakaan Awam Kedah ,
_c1989
336 _2rdacontent
_atext
337 _2rdamedia
_aunmediated
338 _2rdacarrier
_avolume
500 _aDirakam pada 5 & 6/8/89 ; Tiada transkripsi
942 _cB
_2ddc